Criminology

Bibliographic Details
Format: eBook
Language:English
Published: Hoboken: Wiley, 1963 -
Subjects:
Online Access:Acceso restringido

MARC

LEADER 00000nam a22000007a 4500
005 20210322231437.0
007 cr|||| ||||
008 210322c19639999us ar|w s|||| 0|||b1eng d
022 |a 0011-1384 
035 |a 32858 
040 |a vLex 
090 |c 11357  |d 11357 
245 0 0 |a Criminology  |h [Recurso electrn̤ico] / 
256 |a Servicio en ln̕ea 
260 |a Hoboken:  |b Wiley,  |c 1963 - 
300 |a 1 recurso electrn̤ico 
310 |a Anual 
362 |a Nð 1-1 (May. 1963) - 
506 1 |a Disponible solo en los productos indicados  |d vLex Global  |d vLex Global (Academic Edition, excluding Law Schools)  |d vLex Global (Academic Edition, Law Schools) 
650 0 4 |a Derecho Penal  |z Estados Unidos 
740 0 |a vLex Revistas (Servicio en ln̕ea) 
856 4 0 |u https://vlex.com/source/32858  |z Acceso restringido 
942 |c REV 
999 0 |a Criminal law